00945nam a2200241 i 4500001000300000100003400003245017600037260006300213300002800276504003900304650004700343655003000390700003000420700003600450015001800486020001800504040000800522041000800530044000800538080001800546008004100564856009800605bg1 aBlanke-Ławniczak, Katarzyna.10aZarządzanie finansami przedsiębiorstw :bpodstawy teoretyczne, przykłady, zadania /cKatarzyna Blanke-Ławniczak, Przemysław Bartkiewicz, Marek Szczepański (red.). aPoznań :bWydawnictwo Politechniki Poznańskiej,c2007. a122 s. :bil. ;c24 cm. aBibliogr. s. 121-122 i przy rozdz. 9aPrzedsiębiorstwoxfinansexzarządzanie aPodręczniki akademickie1 aBartkiewicz, Przemysław.1 aSzczepański, Marekd(1959- ). aPB 26911/2007 a9788371432873 cBPK0 apol aPOL a658.15(075.8)071026s2007 pl a f f |000 0 pol  uhttp://koha.tu.koszalin.pl/cgi-bin/koha/opac-detail.pl?biblionumber=54747yKatalog online BPK